000 00248 a2200109 4500
001 51103
040 _cAnchieta - Pituba
240 1 0 _aDia da Leitura 2001
_l
245 1 0 _aDia da Leitura 2001
650 4 _aLĂ­nguas espanhola e portuguesa
942 _cMX
999 _c51103
_d51103